LEADER 00856nam0 2200277 450 001 000022523 005 20090204115003.0 100 $a20090204d1984----km-y0itay50------ba 101 0 $aita 102 $aIT 105 $ay-------001yy 200 1 $aScelte pubbliche e gestione dei servizi pubblici$fNino Luciani 210 $aMilano$cAngeli$dc1984 215 $a117 p.$d22 cm 225 2 $aUniversità$v16 410 0$12001$aUniversità 500 10$aScelte pubbliche e gestione dei servizi pubblici$945627 610 1 $aServizi pubblici 610 1 $aAziende pubbliche$aGestione 676 $a363$v18 700 1$aLuciani,$bNino$4070$0112733 801 0$aIT$bUNIPARTHENOPE$c20090203$gRICA$2UNIMARC 912 $a000022523 951 $a326/62$b4565$cNAVA2$d2009 996 $aScelte pubbliche e gestione dei servizi pubblici$945627 997 $aUNIPARTHENOPE